Modern history: Europe since 1600. (Record no. 5668)
[ view plain ]
| 000 -LEADER | |
|---|---|
| fixed length control field | 00786nam a2200169 4500 |
| 020 ## - INTERNATIONAL STANDARD BOOK NUMBER | |
| International Standard Book Number | 0222992956 : |
| Terms of availability | |
| 100 1# - MAIN ENTRY--PERSONAL NAME | |
| Personal name | Becker, Carl Lotus. |
| 245 10 - TITLE STATEMENT | |
| Title | Modern history: Europe since 1600. |
| Number of part/section of a work | Vol.1, |
| Name of part/section of a work | Age of kings and nobles; [and], The age of political revolution / |
| Statement of responsibility, etc. | by Carl L. Becker, Kenneth S. Cooper; edited by Gordon R. Batho : [in 2 vols]. |
| 250 ## - EDITION STATEMENT | |
| Edition statement | Library ed. |
| 260 ## - PUBLICATION, DISTRIBUTION, ETC. | |
| Place of publication, distribution, etc. | London : |
| Name of publisher, distributor, etc. | Burke, |
| Date of publication, distribution, etc. | 1970. |
| 300 ## - PHYSICAL DESCRIPTION | |
| Extent | xii,329p. : |
| Other physical details | illus, facsims., col maps, ports. ; |
| Dimensions | 24cm. |
| 500 ## - GENERAL NOTE | |
| General note | Originally published, Morristown: Silver Burdett, 1969. |
| 504 ## - BIBLIOGRAPHY, ETC. NOTE | |
| Bibliography, etc. note | bibl. |
| 505 ## - FORMATTED CONTENTS NOTE | |
| Formatted contents note | CONTENT: Introduction to modern history -- The age of kings and nobles -- The age of political revolution. |
| Miscellaneous information | |
| Statement of responsibility | |
| Title | |
| 700 1# - ADDED ENTRY--PERSONAL NAME | |
| Personal name | Batho, G. R. |
| Fuller form of name | (Gordon Richard), |
| Dates associated with a name | 1929- |
| Personal name | Cooper, Kenneth Schaaf. |
| Withdrawn status | Lost status | Source of classification or shelving scheme | Damaged status | Not for loan | Collection code | Home library | Current library | Shelving location | Date acquired | Serial Enumeration / chronology | Inventory number | Total Checkouts | Full call number | Barcode | Date last seen | Date last checked out | Price effective from | Koha item type |
|---|---|---|---|---|---|---|---|---|---|---|---|---|---|---|---|---|---|---|
| Dewey Decimal Classification | Main TEST | RTC Library | RTC Library | Main opac | 27/11/2018 | 10466 | 5 | 940.2 BUR | 30010435 | 26/03/2022 | 19/03/2022 | 27/11/2018 | Main |